000 01746nam a2200289Ia 4500
999 _c39692
_d39692
001 6295
003 GE_BSU
005 20191031124327.0
008 181216s2012||||ge |||||||||||||| ||geo||
020 _a9789941197352
040 _cGE_BSU
041 _ageo
080 _a821.161.1-31 ა-70
100 _aანტონოვსკაია,ანა
_95171
245 _aდიდი მოურავი :
_bრომანი. 14 ტომად. ტ. 4. წ. 2, ნაწ. 4. /
_cანა ანტონოვსკაია ; თარგმანი არისტო ჭუმბაძისა ; მხატვ. ნიკოლოზ თეთრაშვილი; სარედ. ჯგ.: ზურაბ აბაშიძე, ირმა ხარშილაძე .
264 _aთბილისი :
_bპალიტრა L,
_c2012.
300 _a376 გვ. ;
_b20 სმ.
490 _aყველა დროის საუკეთესო ისტორიული რომანი,
_x ISSN 1512-1178
500 _aრომანი თავდაპირველად გამოდიოდა 12 ტომად. 2013 წელს დაემატა 2 ტომი.
600 _aსააკაძე გიორგი
_935
653 _aისტორიული რომანი
700 _a ჭუმბაძე, არისტო
_eმთარგმნელი
_95172
700 _aთეთრაშვილი, ნიკოლოზ
_eმხატვარი
_93053
700 _aაბაშიძე, ზურაბ
_eრედაქტორი
_91322
700 _aხარშილაძე, ირმა
_eრედაქტორი
_91324
942 _cBK
_2udc